|
|
|
|
| LEADER |
01238ngm a2200265 i 4500 |
| 001 |
tort759 |
| 005 |
20230914073629.0 |
| 008 |
230914s2023 hu o 0|| zxx d |
| 040 |
|
|
|a PEREPO TORTENET
|b hun
|
| 041 |
|
|
|a zxx
|
| 100 |
1 |
|
|a Kolozsvári Ilona
|
| 245 |
1 |
0 |
|a Tanévnyitó
|h [elektronikus dokumentum] :
|b ötszázan folytatják tanulmányaikat az egyetemi központban /
|c Ilona Kolozsvári
|
| 260 |
|
|
|c 2023-09-13
|
| 490 |
0 |
|
|a Zalaegerszegi Televízió
|
| 695 |
|
|
|a Pannon Egyetem Zalaegerszegi Egyetemi Központ - PE ZEK
|
| 695 |
|
|
|a videó
|
| 695 |
|
|
|a tanévnyitó - tanévkezdés
|
| 695 |
|
|
|a Abonyi János dr.
|
| 695 |
|
|
|a interjú
|
| 695 |
|
|
|a Palányi Ildikó dr.
|
| 695 |
|
|
|a Balaicz Zoltán
|
| 700 |
0 |
1 |
|a Tóth Sándor
|e aut
|
| 700 |
0 |
1 |
|a Gáspár Zsolt
|e aut
|
| 856 |
4 |
0 |
|u https://perepo-tortenet.uni-pannon.hu/id/eprint/759/1/2023-09-13_ztv_Tan%C3%A9vnyit%C3%B3%20%C3%B6tsz%C3%A1zan%20folytatj%C3%A1k%20tanulm%C3%A1nyaikat%20az%20egyetemi%20k%C3%B6zpontban%20%5B720p%5D.mp4
|z Dokumentum-elérés
|
| 856 |
4 |
0 |
|u https://perepo-tortenet.uni-pannon.hu/id/eprint/759/2/2023-09-13_ztv_Tan%C3%A9vnyit%C3%B3%20%C3%B6tsz%C3%A1zan%20folytatj%C3%A1k%20tanulm%C3%A1nyaikat%20az%20egyetemi%20k%C3%B6zpontban.pdf
|z Dokumentum-elérés
|